Ordinary differential equations: An elementary textbook for students of Mathematics, Engineering, and the Science
The book begins with a section that examines the origin of differential equations, defines basic terms and outlines the general solution of a differential equation - the solution that actually contains every solution of such an equation. Subsequent sections deal with such subjects as: integrating fa...
Сохранить в:
| Главный автор: | |
|---|---|
| Формат: | |
| Язык: | Undetermined |
| Опубликовано: |
Mineola, New York
Dover
1985
|
| Предметы: | |
| Метки: |
Добавить метку
Нет меток, Требуется 1-ая метка записи!
|
| Thư viện lưu trữ: | Trung tâm Học liệu Trường Đại học Cần Thơ |
|---|
| LEADER | 01138nam a2200205Ia 4500 | ||
|---|---|---|---|
| 001 | CTU_16361 | ||
| 008 | 210402s9999 xx 000 0 und d | ||
| 020 | |b Sai ISBN | ||
| 082 | |a 515.35 | ||
| 082 | |b T292 | ||
| 100 | |a Harry Pollard | ||
| 245 | 0 | |a Ordinary differential equations: An elementary textbook for students of Mathematics, Engineering, and the Science | |
| 245 | 0 | |c Harry Pollard, Morris Tenenbaum | |
| 260 | |a Mineola, New York | ||
| 260 | |b Dover | ||
| 260 | |c 1985 | ||
| 520 | |a The book begins with a section that examines the origin of differential equations, defines basic terms and outlines the general solution of a differential equation - the solution that actually contains every solution of such an equation. Subsequent sections deal with such subjects as: integrating factors; dilution and accretion problems; the algebra of complex numbers; the linearization of first order systems; Laplace Transforms; Newton's Interpolation Formalas; and Picard's Method of Successive Approximations | ||
| 650 | |a differential equations | ||
| 904 | |i Minh, 970523 | ||
| 980 | |a Trung tâm Học liệu Trường Đại học Cần Thơ | ||